000 01717cam a22003018a 4500
001 16889032
003 OSt
005 20150325224332.0
008 110722s2012 nyu b 001 0 eng
010 _a 2011031211
020 _a9780071633123 (hardback : alk. paper)
035 _a(DNLM)101565144
040 _aDNLM/DLC
_cDLC
042 _apcc
060 1 0 _aWG 169
082 0 0 _aWG 460 C66c 2012
245 0 0 _aCardiac surgery in the adult.
250 _a4th ed. /
_b[edited by] Lawrence H. Cohn.
260 _aNew York :
_bMcGraw-Hill Professional,
_cc2012.
263 _a1112
300 _axxiii, 1448p. ;
_c30cm.
_bcol.ill +
_eCD
504 _aIncludes bibliographical references and index.
520 _a"Cardiac Surgery in the Adult guides residents and practicing surgeons through diagnosis, treatment and management as well as operative strategy, decision-making, and technique in adult cardiac surgery. Developments in this field are constant and are in line with the surgical trends at large: less-invasive surgery with faster recovery times. Developments in this field include the use of robotic surgery, minimally invasive valve and coronary artery bypass surgery, stem-cell induced regenerative medicine, tissue engineering and more, all of which are discussed and completely updated. Trends also take into account the demographics of the patient with an eye toward cross-training the surgeon in endovascular skills by including topics such as percutaneous intervention and endovascular graft technology."--Provided by publisher.
650 1 2 _aCardiavascula system
_9394
700 1 _aCohn, Lawrence H.,
_d1937-
_9396
906 _a7
_bcbc
_corignew
_d1
_eecip
_f20
_gy-gencatlg
942 _2z
_cB_BANK
999 _c147
_d147